Zločin a trest na pracovisku

Prečiny a zločiny podľa Trestného zákona. Organizovanie alebo prispôsobovanie prostriedkov, ktoré sa označuje ako príprava na zločin. Trestné činy podľa jednotlivých dielov a hláv Trestného zákona. Sankcie podľa Trestného zákona.

Saved in:
Bibliographic Details
Main Author: Kiklicová, Monika
Format: Book Chapter
Language:Slovak
Subjects:
Tags: Add Tag
No Tags, Be the first to tag this record!

MARC

LEADER 00000naa a2200000 4500
001 0200362
005 20230912114143.0
041 0 |a slo 
044 |a SK 
245 1 0 |a Zločin a trest na pracovisku  |c Monika Kiklicová 
520 |a Prečiny a zločiny podľa Trestného zákona. Organizovanie alebo prispôsobovanie prostriedkov, ktoré sa označuje ako príprava na zločin. Trestné činy podľa jednotlivých dielov a hláv Trestného zákona. Sankcie podľa Trestného zákona. 
610 2 0 |a právo trestné 
610 2 0 |a činnosť trestná 
610 2 0 |a činy trestné 
610 2 0 |a zločin organizovaný 
610 2 0 |a zodpovednosť trestná 
610 2 0 |a zákony 
100 1 |a Kiklicová, Monika